[Event "EU-chT (Men) 13th"]
[Site "Leon"]
[Date "2001.11.14"]
[Round "8.1"]
[White "Kengis, Edvins"]
[Black "Godena, Michele"]
[Result "1-0"]
[WhiteElo "2561"]
[BlackElo "2496"]
[Annotator "Finkel,A"]
[PlyCount "76"]
[EventDate "2001.11.06"]
[EventType "team-swiss"]
[EventRounds "9"]
[EventCountry "ESP"]
[SourceTitle "CBM 086"]
[Source "ChessBase"]
[SourceDate "2002.02.05"]
[SourceVersion "1"]
[SourceVersionDate "2002.02.05"]
[SourceQuality "1"]
[WhiteTeam "Latvia"]
[BlackTeam "Italy"]
[WhiteTeamCountry "LAT"]
[BlackTeamCountry "ITA"]

1. Nf3 d5 2. g3 Nc6 3. d4 Bf5 4. Bg2 Nb4 5. Na3 c6 6. c3 (6. O-O h6 7. Ne5 (7.
c3 Na6 8. Nc2 e6 9. Nd2 Nf6 10. Re1 Be7 11. e4 dxe4 12. Nxe4 Nxe4 13. Bxe4 Bxe4
14. Rxe4 O-O $11 {Kengis,E-Izeta Txabarri,F/Koszalin 1998/CBM 65}) 7... Nf6 8.
f3 e6 9. e4 Bh7 10. c3 Na6 11. Qe2 Nc7 12. Nd3 Bxa3 13. bxa3 O-O $13 {Agopov,
M-Izeta Txabarri,F/Benasque 1999/EXT 2001}) 6... Na6 7. Qb3 {White may hardly
hope to get any opening advantage after this move.} (7. c4 e6 8. O-O Nf6 9. b3
$2 Qa5 10. Nc2 Qc3 $17 {Filipovich,D-Linn,P/North Bay 1996/EXT 98}) (7. O-O e6
8. Nb1 (8. Nc2 Be4 9. b3 Nf6 10. Bh3 Bd6 11. Nce1 c5 12. Ne5 cxd4 13. cxd4 Qb6
$11 {Pigusov,E-Garcia Palermo,C/Havana 1985/MCD}) 8... Nf6 (8... h6 9. Nbd2 Nf6
10. Re1 Nc7 11. Ne5 Bd6 12. Nd3 Rb8 13. b4 a5 14. a3 {1/2-1/2 Yandemirov,
V-Karavaev,V/Maikop 1998/CBM 66 (14)}) 9. Nh4 Bxb1 10. Rxb1 Be7 11. Nf3 O-O 12.
c4 dxc4 13. Ne5 $13 {Fries Nielsen,J-Hoiberg,N/Denmark 1998/EXT 2000}) (7. Ne5
Nf6 8. Nc2 h6 9. Ne3 Bh7 10. f4 e6 11. f5 $6 Bxf5 12. Nxf5 exf5 13. Qd3 g6 $17
{Kogan,A-Levin,F/Budapest 1997/CBM 61 ext}) (7. Nh4 Bg4 8. h3 Bh5 9. Qb3 Qb6
10. g4 Bg6 11. Nxg6 hxg6 12. e4 $14 {Tunik,G-Barskij,V/Yalta 1996/EXT 98}) 7...
Qb6 8. Nh4 Bg4 9. h3 Be6 10. O-O Nf6 11. Bg5 h6 {This move leads to unclear
position, but deserved attention} (11... g6 $5 12. Bxf6 exf6 13. Qc2 f5 14. Nf3
Bg7 15. e3 O-O $13 {with very comfortable position for black.}) 12. Bxf6 exf6
13. Qc2 Be7 14. Rab1 {[%cal Gh4f5]} g6 15. e4 dxe4 16. Qxe4 Nc7 (16... Bxa2 $5
17. Rbe1 Qc7 (17... Be6 $2 18. Nxg6 $16) 18. c4 f5 19. Qe3 Kf8 20. Ra1 Bxh4 21.
gxh4 Nb4 22. Rxa2 Nxa2 23. Qb3 Kg7 24. Qxa2 Qf4 $132) 17. c4 O-O-O $15 {
[%csl Rd4,Rh4]} 18. Rfd1 Rhe8 $6 {Black doesn't take an advantage of awkward
position of the knight on h4, while after} (18... f5 $1 19. Qd3 (19. Qe3 f4 $1
$17) 19... f4 $1 (19... Bxh4 20. gxh4 Qb4 21. Qc3 Qxc3 22. bxc3 Rhe8 $13) 20.
Nc2 (20. c5 Qa6 21. Qxa6 Nxa6 $17) 20... fxg3 21. fxg3 Bxh4 22. gxh4 Bf5 $17 {
white is in troubles}) 19. Qd3 Qb4 $5 20. Qc2 $5 Kb8 21. Rd3 Ka8 22. Rbd1 Qa5
23. Qc1 $6 {Missing an opportunity to get an edge after thematica breakthrough
in the center} (23. d5 $1 cxd5 24. Qb3 {[%csl Rb7]} g5 $2 (24... Bxa3 25. bxa3
Rd6 (25... g5 26. cxd5 Bxd5 27. Bxd5 Nxd5 28. Nf3 Ne7 29. Qxf7 $16) 26. cxd5
Bd7 27. R1d2 $14) 25. cxd5 Bxh3 (25... Nxd5 26. Rxd5 Rxd5 27. Rxd5 Qe1+ 28. Kh2
gxh4 29. Rd8+ $1 Rxd8 30. Qxb7#) 26. d6 Bxg2 27. Nxg2 $18) 23... h5 24. Nf3 Bf5
25. Re3 Bf8 26. Rxe8 Rxe8 27. d5 $6 (27. Re1 $5 Rxe1+ 28. Nxe1 Qb4 29. d5 cxd5
30. cxd5 Kb8 $13) 27... cxd5 28. cxd5 Nxd5 29. Nc4 Qc5 30. Nd4 Be6 (30... Be4
$2 31. Nb3 Qc6 32. Bxe4 Rxe4 33. Ne3 $1 $18 {[%csl Ra8][%cal Gd1d8]}) 31. Nxe6
fxe6 32. b3 h4 $6 (32... Kb8 $6 33. Bxd5 exd5 34. Qf4+ Qc7 35. Qxc7+ Kxc7 36.
Ne3 $11) (32... Rc8 $6 33. Bxd5 exd5 34. Rxd5 Qxd5 35. Nb6+ axb6 36. Qxc8+ Ka7
37. Qxf8 $11) 33. gxh4 Qc7 $6 34. Bxd5 exd5 35. Rxd5 $14 Bc5 (35... Bb4 $5) 36.
Ne3 Re5 $4 {Blundering a piece in absoletuly unclear position.} (36... b6) 37.
Qxc5 $1 $18 Qb8 38. Rxe5 fxe5 1-0

[Event "USA-ch"]
[Site "Saint Louis"]
[Date "2016.04.15"]
[Round "2"]
[White "Robson, Ray"]
[Black "Onischuk, Alexander"]
[Result "1-0"]
[WhiteElo "2663"]
[BlackElo "2664"]
[Annotator "Fischer,J"]
[PlyCount "47"]
[EventDate "2016.04.14"]
[EventType "tourn"]
[EventRounds "11"]
[EventCountry "USA"]
[EventCategory "17"]
[SourceTitle "CBM 172"]
[Source "ChessBase"]
[SourceDate "2016.05.12"]
[SourceVersion "1"]
[SourceVersionDate "2016.05.12"]
[SourceQuality "1"]

1. Nf3 Nf6 2. d4 e6 3. Bf4 d5 4. e3 c5 5. c3 Nc6 6. Nbd2 Bd6 7. Bg3 Qe7 8. Ne5
Bxe5 9. dxe5 Nd7 10. Bb5 a6 11. Bxc6 bxc6 12. Qa4 Bb7 13. Bh4 f6 14. exf6 gxf6
15. c4 Rg8 16. O-O h5 17. Qd1 Rg4 18. Bg3 Qh7 19. Rc1 a5 20. Re1 {[#]} Ba6 $2 {
Black seems oblivious to the dangers threatening him.} ({After} 20... e5 {
his position is still shaky but Black is not lost.}) 21. cxd5 cxd5 22. e4 d4
23. Qa4 {With the simple but strong threat to take on a5.} Bb7 $2 ({A complete
black-out. Though e.g.} 23... Qe7 24. Qc6 Ra7 25. Bd6 Bb5 26. Bxe7 Bxc6 27.
Bxc5 $18 {also leads to a won position for White.}) 24. Qb3 {Targeting e6 and
b7. Black did not want to continue the game and resigned.} 1-0

[Event "Altensteig"]
[Site "Altensteig"]
[Date "1990.??.??"]
[Round "8"]
[White "Rajkovic, Dusan"]
[Black "Schlosser, Philipp"]
[Result "0-1"]
[WhiteElo "2485"]
[BlackElo "2455"]
[Annotator "Ftacnik,L"]
[PlyCount "39"]
[EventDate "1990.07.??"]
[EventType "tourn"]
[EventRounds "11"]
[EventCountry "GER"]
[EventCategory "9"]
[SourceTitle "CBM 020"]
[Source "ChessBase"]
[SourceDate "1991.02.01"]
[SourceVersion "1"]
[SourceVersionDate "1991.02.01"]
[SourceQuality "1"]

1. d4 d5 2. Nf3 e6 3. Bg5 Be7 4. Bxe7 Qxe7 5. Nbd2 Nf6 6. e3 O-O 7. Bd3 Nbd7 8.
Ne5 $2 Nxe5 9. dxe5 Nd7 10. f4 f6 11. exf6 (11. Qh5 g6 12. Qh4 Qb4 $17) 11...
Nxf6 12. O-O (12. Nf3 Ng4 13. Qe2 e5 14. h3 e4 15. hxg4 Bxg4 $17) 12... e5 13.
Qe1 Bd7 14. fxe5 Qxe5 15. Nf3 Qe7 16. Kh1 $6 (16. Qd2 Rae8 17. Rae1 $17) 16...
Rae8 17. Qa5 Qd6 18. Rae1 (18. Qxa7 Ng4 19. g3 Nxe3 $19) 18... Ng4 19. Qd2 Qh6
20. Re2 {Ftacnik,L} (20. h3 Nxe3 $19) (20. Re2 Nxh2 $1 $19) 0-1

[Event "Sigeman & Co 03rd"]
[Site "Malmo"]
[Date "1995.??.??"]
[Round "1"]
[White "Andersson, Ulf"]
[Black "Sadler, Matthew D"]
[Result "1-0"]
[WhiteElo "2630"]
[BlackElo "2575"]
[Annotator "Ftacnik,L"]
[PlyCount "77"]
[EventDate "1995.05.??"]
[EventType "tourn"]
[EventRounds "9"]
[EventCountry "SWE"]
[EventCategory "12"]
[SourceTitle "CBM 048"]
[Source "ChessBase"]
[SourceDate "1995.10.01"]
[SourceVersion "1"]
[SourceVersionDate "1995.10.01"]
[SourceQuality "1"]

1. Nf3 {Hecht} Nc6 2. d4 d5 3. Bf4 Bg4 4. e3 e6 5. c4 dxc4 (5... Nf6 6. Nc3 Bd6
7. Bxd6 Qxd6 8. c5 Qe7 9. Be2 O-O 10. O-O Rfd8 11. b4 Ne4 12. Nxe4 dxe4 13. Ne5
Nxe5 14. Bxg4 f5 15. Be2 f4 16. exf4 Nd3 17. Qb3 Nxf4 18. Bc4 Rxd4 19. Rad1
Rad8 20. Rxd4 Rxd4 $10 {Diederichsen,D-Panzer,P/Hamburg Wichern-op (02)/1993/0.
5 (37)}) (5... Bd6 6. Bxd6 Qxd6 7. c5 (7. cxd5 exd5 8. Nc3 Nf6 9. Be2 O-O 10.
O-O a6 11. a3 Rfe8 12. b4 Ne4 13. Rc1 Nxc3 14. Rxc3 Re6 15. Qc2 Rh6 16. h3 Bd7
17. Rc1 Re8 18. b5 axb5 19. Bxb5 Ra8 20. Bxc6 bxc6 21. Ne5 $16 {Cvitan,
O-Perovic,D/JUG-Cup f Pula (4)/1991/1-0 (28)}) 7... Qd7 8. Qa4 Bxf3 9. gxf3 e5
10. dxe5 Nxe5 11. Qxd7+ Nxd7 12. Nc3 c6 13. Rc1 Nxc5 14. Nxd5 Ne6 15. Nc3 Nf6
16. Bc4 Ke7 17. Rg1 g6 18. Ne4 Rad8 $10 {Zimmerman,Y-Arkhangelsky,M/Moscow op
Russian Winter/1991/0.5 (54)}) 6. Bxc4 Bd6 7. Bxd6 Qxd6 (7... cxd6 8. d5 $1 $14
) 8. O-O Nf6 9. Be2 (9. Nc3 O-O) 9... e5 (9... O-O 10. Qb3 $14) 10. dxe5 Qxd1 (
10... Nxe5 11. Qxd6 cxd6 12. Nbd2 $14) 11. Bxd1 (11. Rxd1 Nxe5) 11... Nd7 (
11... Bxf3 12. exf6 Bxd1 13. fxg7 $16) 12. Nc3 Bxf3 (12... Ndxe5 13. Nxe5 Nxe5
14. Nb5 $14) 13. Bxf3 Ndxe5 (13... Ncxe5 14. Bxb7 Rb8 15. Be4 Rxb2 16. Rab1 $14
) 14. Bxc6+ Nxc6 15. Rfd1 Rd8 16. f4 f6 17. Kf2 Rf8 18. Rxd8+ (18. Nd5 Rf7)
18... Kxd8 19. Rd1+ Kc8 {xc7} 20. e4 Rd8 21. Nd5 Rd7 22. Rd3 Ne7 23. Nxe7+ Rxe7
24. Ke3 {[%csl Ge3,Yc8] Black has some difficulties since his king is cut off
and pawns are less advanced.} f5 $2 (24... c5 $14) 25. e5 $16 Rd7 26. Ra3 (26.
Rxd7 Kxd7 27. Kd4 Ke6 28. b4 $16) 26... a6 27. Rd3 a5 28. Rxd7 Kxd7 {Hecht 6-6
P, gedeckter Zentralfreibauer, Einbruch am Q-Flügel, Tempospiel} 29. Kd4 b6 (
29... Ke6 30. Kc5 h6 31. h4 Kd7 32. Kb5 b6 33. a4 g6 34. b3 $18) 30. Kc4 c6 31.
h3 Ke6 32. b3 {Protected passed e5P promises white easy victory.} g5 (32... h5
{Hecht} 33. h4 Kd7 34. a4 Ke6 35. b4 axb4 36. Kxb4 Kd5 37. Kc3 Ke6 (37... b5
38. a5 $18) (37... c5 38. Kd3 c4+ 39. Kc3 Kc5 40. e6 Kd6 41. Kxc4 Kxe6 42. Kb5
$18) 38. Kc4 Kd7 39. Kb4 Ke6 40. a5 bxa5+ (40... c5+ 41. Kb5 bxa5 42. Kxc5 $18)
41. Kxa5 Kd5 42. Kb4 c5+ 43. Kc3 Kc6 (43... c4 $1 {Remis?-Analyse!}) 44. Kc4 g6
45. g3 Kb6 46. Kd5 Kb5 47. e6 $18) 33. g3 (33. fxg5 $2 Kxe5 34. h4 f4) 33... h6
(33... g4 34. h4 $1 h5 35. a4 $18) 34. h4 gxf4 (34... g4 35. a4 $18) 35. gxf4
h5 36. a4 $1 Ke7 37. b4 axb4 (37... Ke6 38. bxa5 bxa5 39. Kc5 Kd7 40. Kb6 $18)
38. Kxb4 Ke6 39. a5 (39. a5 bxa5+ 40. Kxa5 Kd5 41. Kb4 c5+ 42. Kb3 $1 c4+ 43.
Kc3 Kc5 44. e6 Kd6 45. Kxc4 Kxe6 46. Kc5 $18) 1-0

[Event "Interzonal-14c"]
[Site "Zagreb"]
[Date "1987.??.??"]
[Round "7"]
[White "Polugaevsky, Lev"]
[Black "Seirawan, Yasser"]
[Result "1-0"]
[WhiteElo "2595"]
[BlackElo "2600"]
[Annotator "Ftacnik,L"]
[PlyCount "88"]
[EventDate "1987.08.01"]
[EventType "tourn"]
[EventRounds "17"]
[EventCountry "YUG"]
[EventCategory "12"]
[SourceTitle "CBM 004"]
[Source "ChessBase"]
[SourceDate "1988.06.01"]
[SourceVersion "1"]
[SourceVersionDate "1988.06.01"]
[SourceQuality "1"]

1. Nf3 d5 2. g3 c5 3. Bg2 Nc6 4. d4 Nf6 5. O-O Bg4 6. dxc5 e5 7. c4 Bxc5 (7...
d4 8. Qa4 $36) 8. cxd5 Qxd5 9. Nc3 $1 Qxd1 10. Rxd1 O-O 11. h3 $1 Bf5 (11...
Bh5 12. g4 Bg6 13. Nh4 $16) (11... Be6 12. Ng5 $14) 12. g4 Be6 (12... Bc2 13.
Rd2 $14) 13. Ng5 Bc4 14. b3 Ba6 (14... Bd4 15. bxc4 Bxc3 16. Rb1 $16 {>< b7})
15. Bb2 Rfd8 16. e3 Be7 (16... Nb4 17. Nce4 $16) 17. Nge4 Nxe4 (17... Nb4 18.
Nxf6+ Bxf6 19. Ne4 $16) 18. Bxe4 $1 Nb4 $6 (18... Rxd1+ $1 19. Rxd1 Rd8) 19.
Nd5 Nxd5 20. Bxd5 $16 Bf6 (20... Bd6 21. Rac1 Kf8 22. Be4 Ke7 23. Rd5 Ke6 (
23... f6 24. Bxh7 Rh8 25. Bf5 Rxh3 26. Rxd6 $1 $18) 24. Rcd1 Bc7 25. Bf5+ Kf6
26. f4 $16) 21. Be4 Kf8 (21... Rac8 22. Rac1 $16) 22. Rac1 h6 (22... Rxd1+ 23.
Rxd1 Ke7 24. Rd5 Rd8 (24... Ke6 25. g5 $18) 25. Rxd8 Kxd8 26. Bxh7 g6 27. f4
Ke8 28. g5 Bh8 29. f5 $18) 23. Rxd8+ Rxd8 24. Rc7 (24. a4 $5 $16) 24... Ke8 25.
a4 $1 Bh4 $1 (25... Rd7 26. Rc8+ Rd8 27. Rc5 b6 28. Rc7 $18) (25... Rd2 26. Bc3
$16) 26. Bc3 Rd1+ 27. Kg2 Bf1+ 28. Kf3 Bxh3 29. Rc8+ $1 (29. Bxe5 Rg1 $13)
29... Bd8 $2 (29... Ke7 $142 $1 30. Bb4+ Ke6 31. Bf5+ (31. Re8+ Kd7 32. Rf8 Ke6
) 31... Kf6 32. Rc7 (32. Re8 g6 $1) 32... g5 $1 $13) 30. Kg3 $1 $18 Bf1 31.
Bxe5 Bd3 32. Bxb7 (32. Bxd3 Rxd3 33. Bxg7 $18) 32... Kd7 33. Rc5 f6 34. Rd5+
Ke7 35. Bd6+ Ke6 36. Bb8 Be7 37. f4 $1 a5 38. f5+ Kf7 39. Rxa5 Bc2 40. Bd5+ Ke8
41. Be6 Rd3 42. Bf4 Bd8 43. Ra8 Ke7 44. Ra7+ Ke8 1-0

[Event "Shenzhen Du Te Cup"]
[Site "Shenzhen"]
[Date "2017.03.30"]
[Round "7"]
[White "Ding, Liren"]
[Black "Giri, Anish"]
[Result "1/2-1/2"]
[WhiteElo "2759"]
[BlackElo "2769"]
[Annotator "Ftacnik,L"]
[PlyCount "113"]
[EventDate "2017.03.23"]
[EventType "tourn"]
[EventRounds "10"]
[EventCountry "CHN"]
[EventCategory "21"]
[SourceTitle "CBM 178"]
[Source "ChessBase"]
[SourceDate "2017.05.14"]
[SourceVersion "1"]
[SourceVersionDate "2017.05.14"]
[SourceQuality "1"]

1. Nf3 d5 2. g3 g6 3. Bg2 Bg7 4. d4 Nd7 5. O-O Ngf6 6. c4 dxc4 7. a4 {Ding is
coming up wih a novelty, as it is not at all easy to recapture the pawn and
keep some chances for an advantage at the same time.} (7. Na3 Nb6 8. Ne5 Ng4 (
8... O-O 9. Naxc4 Nxc4 10. Nxc4 Be6 11. Na5 c5 12. Nxb7 Qxd4 13. Be3 Qxb2 14.
Bxc5 Rab8 15. Rb1 Qxa2 16. Bxe7 Rfe8 17. Bd6 Rbc8 $11 {1/2-1/2 (80) Barcza,
G-Prins,L Saltsjobaden 1952}) 9. Nxg4 (9. Nf3 e5 (9... O-O 10. e4 Be6 11. h3
Nf6 12. Qe2 c6 13. Rd1 Qc8 14. Kh2 Rd8 15. Bf4 Ne8 16. Rac1 Nd6 17. Ng5 h6 18.
Nxe6 Qxe6 19. h4 $11 {0-1 (56) Schreiner,P (2432)-Lampert,J (2461) Skopje 2015}
) 10. dxe5 Qxd1 11. Rxd1 Nxe5 12. Nb5 Nxf3+ 13. Bxf3 Be5 14. Bf4 Bxf4 15. gxf4
Ke7 16. Nxc7 Rb8 17. a4 Be6 18. a5 Nd7 19. a6 bxa6 20. Rxa6 $16 {1-0 (37)
Dragun,K (2586)-Lampert,J (2448) Biel 2015}) 9... Bxg4 10. Bxb7 (10. Nxc4 Nxc4
11. Qa4+ c6 12. Qxc4 Be6 13. Qc2 O-O 14. e3 Qb6 15. b3 Bf5 16. Qe2 e5 17. e4
Be6 18. d5 cxd5 19. exd5 Bd7 20. Be3 $11 {1-0 (41) Chirila,I (2522)-Rambaldi,F
(2559) Saint Louis 2017}) 10... O-O 11. Nc2 (11. Be3 Bh3 12. Re1 Rb8 13. Bf3
Qd7 14. Rc1 Rfd8 15. Qc2 h5 16. Red1 Bf5 17. Qd2 Qa4 18. Qe1 Be6 19. Nxc4 Nxc4
20. b3 Qa5 21. Qxa5 Nxa5 $15 {0-1 (71) Moussard,J (2571)-Wagner,D (2548)
Zuerich 2016}) 11... Rb8 12. Bg2 Qd7 13. f3 Bh3 14. Bxh3 Qxh3 15. a4 Qd7 16. a5
Na4 17. Ra2 Rfd8 18. Kg2 c5 19. Ne3 Rb4 20. dxc5 Nxc5 $15 {1/2-1/2 (108)
Fressinet,L (2672)-Svane,R (2555) Doha 2016}) (7. Qa4 O-O 8. Qxc4 Nb6 9. Qc5 (
9. Qc2 Bf5 10. Qb3 a5 11. Nc3 Ne4 12. a4 c6 13. Rd1 Nd6 14. Ne1 Be6 15. d5 cxd5
16. Nxd5 Bxd5 17. Bxd5 Nxd5 18. Rxd5 Qc8 19. Bf4 Qc4 20. Qxc4 Nxc4 21. Nd3 $11
{1/2-1/2 (26) Kunte,A (2515)-Sethuraman,S (2651) Thiruvarur 2015}) (9. Qb3 Be6
10. Qd1 Qc8 11. Ng5 (11. Re1 Rd8 12. Ng5 c5 13. Nxe6 Qxe6 14. Bxb7 Rab8 15. Bg2
cxd4 16. Nd2 Qf5 17. h3 e5 18. e3 dxe3 19. Rxe3 Nc4 $17 {0-1 (41) Rantanen,
M-Poulsen,C Saltsjobaden 1948}) 11... Bg4 12. Nc3 h6 13. Nf3 Rd8 14. Ne5 Be6
15. Qc2 Rxd4 16. Nb5 Rd8 17. Qxc7 Nfd5 18. Qxc8 Raxc8 19. f4 Nb4 $15 {1-0 (41)
Gutman,L (2428)-Rogic,D (2524) St Veit 2016}) 9... Bf5 10. Bf4 Ne4 11. Qxc7 Nd5
12. Qxb7 Nxf4 13. gxf4 Qd6 14. Qb3 Qxf4 15. Nc3 Rab8 16. Qa3 Ng5 17. Nd5 Nxf3+
18. Qxf3 Qd6 19. Qg3 Qd8 $15 {1/2-1/2 (32) Van Wely,L (2647)-Giri,A (2791)
Amsterdam 2015}) (7. Nbd2 Nb6 8. Nxc4 Nxc4 9. Qa4+ c6 10. Qxc4 Be6 (10... O-O
11. b3 Be6 12. Qb4 Qc7 13. Ng5 Bc8 14. Ba3 h6 15. Nf3 Re8 16. Rac1 Be6 17. Rfd1
Bd5 18. Bb2 a5 19. Qc5 a4 20. Ne5 e6 21. Bxd5 exd5 $15 {1/2-1/2 (37) Kremer,
L-Foltys,J Jurata 1937}) 11. Qb4 Qc8 12. Re1 Ne4 13. Bf4 a5 14. Qa3 Qd8 15. Qd3
Nd6 16. Ng5 Bc4 17. Qc2 Ba6 18. Be5 O-O 19. Bxg7 Kxg7 20. Rad1 $14 {1/2-1/2 
(33) Pirc,V-Fine,R USA 1950}) 7... a5 8. Qc2 (8. Nc3 O-O 9. e4 c6 10. Qe2 Nb6
11. Rd1 $11) 8... Nb6 9. e4 O-O 10. Rd1 {It may not be too surprising that
Black has a sporting prospect of equal chances. Despite that some caution will
be required.} (10. Nbd2 Bg4 11. h3 Bxf3 12. Nxf3 e5 13. dxe5 Nfd7 14. Be3 Qe7
$11) 10... c6 11. Na3 Be6 12. h3 Ne8 (12... Qc8 13. Kh2 Ne8 14. Ng5 $11) 13.
Ng5 Bc8 $1 {Giri is too strong to believe he can part with bishop pair without
serious consequences.} (13... Qc8 $6 14. Nxe6 Qxe6 15. Rb1 $1 f5 16. b4 fxe4
17. bxa5 Nc8 18. Nxc4 Ned6 19. Bf1 $16) 14. Nxc4 Nxc4 15. Qxc4 e5 16. Nf3 $1 {
The retreat of the knight, that has no further function on the territory of
the opponent.} (16. d5 Nd6 17. Qc2 h6 18. dxc6 Ra6 19. c7 Qd7 20. Nf3 Rc6 $11)
16... exd4 17. Nxd4 {In the tense struggle between two very strong opponents
it is no wonder that the attention can easily slip. It was much more
unpleasant to irritate Black the bishop move.} (17. Bg5 $1 Nd6 18. Qc2 Qe8 19.
Nxd4 $14) 17... Nc7 18. Be3 Qe7 19. Qc1 Qb4 {In a clear analogy with ideas
from the King's Indian Defence Giri is trying to exploit the hole on b4. Many
lesser players would consider the idea, but would use the knight for the
purpose.} (19... Na6 20. f4 Nb4 $11) 20. Ra3 Re8 21. Rc3 Be6 (21... Qxa4 22.
Rc4 Qa2 23. b3 Bxd4 24. Rcxd4 Nb5 25. R4d3 Qa3 26. Qc2 $11) 22. b3 Na6 23. Rdd3
{The Chinese star decided to keep the rook on c3, but it seems more natural to
double along the d-file, since ...Nc5 is not scary for White.} (23. Rcd3 $5 Nc5
24. Nxe6 Nxe6 (24... Nxd3 $2 25. Rxd3 Rxe6 26. Bc5 Bb2 27. Qe3 $18) 25. Qd2 Bf8
$11) 23... Qe7 24. Bg5 Qf8 25. Be3 Rad8 $6 {Black should have worried about
equality and inserted the knight move to b4.} (25... Nb4 $1 26. Rd2 Rad8 27.
Nxe6 Rxe6 28. Rc4 $11) 26. Nxe6 Rxe6 27. Qd1 {Ding is not playing very well
with his dark squared bishop and once again misses its unpleasant move.} (27.
Bb6 $1 Rdd6 28. Rxd6 Rxd6 29. Rf3 Rd7 30. Bf1 $14) 27... Red6 28. Bf4 (28. Rxd6
Qxd6 29. Qxd6 Rxd6 30. Rc1 Nb4 31. Bf3 $11) 28... Rxd3 29. Rxd3 Rxd3 30. Qxd3
Nc5 31. Qd1 (31. Qc4 Ne6 32. Bf1 $11) 31... Ne6 32. Be3 $6 {[%mdl 2048] White
never really got to grips with the soul of his dark bishop. In this position
centralisation will be challenged by the Giri's clever trick.} (32. Bf1 $1 $11)
32... Bd4 $1 33. Bd2 {The plight of the bishop becomes the central story of
the whole game. It was still possble to fight for equality after the exchange
of the bishops.} (33. Bxd4 Qd6 34. h4 $1 Qxd4 35. Qf3 Nc5 36. h5 $11) 33... Qc5
34. Qf3 Qc2 {Giri slips and the opponent will finally try to do something
sensible with his bishop.} (34... Kg7 $1 35. Bf1 Qc2 36. Qd3 Qb2 37. Be3 Bxe3
38. Qxe3 Qd4 $17) 35. Bh6 $1 Bg7 36. Bxg7 Kxg7 37. Bf1 Qc5 $6 {It was not easy
to decide where to place the queen. Black made a bet on queen on the 5th rank,
but it gave White the chance to finally solve his problems.} (37... Qd2 $1 38.
e5 Kg8 39. Kg2 Qd4 $17) 38. Bc4 Ng5 39. Qc3+ (39. Qd3 $5 Qe7 40. Qc3+ f6 41. h4
Nxe4 42. Qxa5 $11) 39... f6 40. Qd3 Qe7 41. h4 Nxe4 42. Qe3 $1 {The weakness
of the a5-pawn is limiting Black's chances to cash in on the extra pawn.} Qe5 (
42... f5 43. Qb6 Qc5 44. Qc7+ Kh6 45. Qf4+ $11) 43. Qb6 Kh6 44. Qe3+ g5 45. Bd3
$1 Nc5 46. hxg5+ Qxg5 47. f4 {The black position is now compromised as his
pawn structure and king have become vulnerable.} Qg4 (47... Qg8 48. Bc2 b6 49.
Qf3 $11) 48. Be2 Qf5 (48... Qe6 49. Qxc5 Qxe2 50. Qf8+ Kg6 51. Qg8+ $11) 49.
Qe7 $1 {The tragedy has been averted, White will save himself with counterplay
against the exposed black king.} Qe6 (49... Ne6 50. Kh2 $11) 50. Qf8+ (50. Qxc5
Qxe2 51. Qf8+ $11) 50... Kg6 51. Bc4 (51. f5+ Qxf5 52. Qg8+ Kh6 53. Qf8+ Kg5
54. Qe8 $11) 51... Qe3+ 52. Kg2 Qe4+ 53. Kh2 Qd4 54. Qg8+ Kh6 55. Qf8+ Kg6 56.
Qg8+ Kh6 57. Qf8+ 1/2-1/2

[Event "URS-sf Ukraine-ch"]
[Site "Kherson"]
[Date "1989.??.??"]
[Round "?"]
[White "Romanishin, Oleg M"]
[Black "Neverov, Valeriy"]
[Result "1/2-1/2"]
[WhiteElo "2515"]
[BlackElo "2475"]
[Annotator "Ftacnik,L"]
[PlyCount "111"]
[EventDate "1989.11.??"]
[EventType "tourn"]
[EventRounds "15"]
[EventCountry "URS"]
[EventCategory "7"]
[SourceTitle "CBM 016"]
[Source "ChessBase"]
[SourceDate "1990.06.01"]
[SourceVersion "1"]
[SourceVersionDate "1990.06.01"]
[SourceQuality "1"]

1. d4 Nf6 2. Nf3 g6 3. g3 Bg7 4. Bg2 O-O 5. O-O d5 6. Bf4 c5 (6... c6 7. Nbd2
Nbd7 8. c4 Nh5 9. Be3 Nhf6 10. Qb3 e6 11. h3 Re8 {Semkov-Anastadijadis/
Vrnjacka Banja/1987/ - /39/}) 7. dxc5 Nc6 8. Qc1 Qa5 9. Nbd2 Qxc5 10. Nb3 Qc4
$5 11. Re1 Bf5 12. c3 Rfd8 13. Nfd2 Qa4 14. e4 dxe4 15. Nc5 Qb5 16. Ndxe4 Nxe4
17. Nxe4 Ne5 $10 18. a4 Qb6 19. a5 Qb5 20. Bxe5 Bxe5 21. Bf1 Qc6 22. Qe3 Bxe4
23. Qxe4 Qxe4 24. Rxe4 Bd6 25. Bg2 Rac8 26. Rd4 Rc7 27. Rd5 Rb8 28. Rb5 Rc5 29.
Rxc5 Bxc5 30. Kf1 Kf8 31. Ke2 e6 32. b4 Bd6 33. Kd3 h5 34. h4 Rd8 35. Kc2 Rd7
36. Rd1 Ke7 37. Kb3 b6 38. axb6 axb6 39. Bc6 Rc7 40. Bb5 Be5 41. c4 f5 42. f4
Bf6 43. Re1 Bd4 44. Re2 Kf6 45. Ra2 e5 $1 $132 46. fxe5+ Bxe5 47. Ra6 Rb7 48.
c5 Bxg3 49. Bc6 Rb8 50. cxb6 Bxh4 51. b7 g5 52. Bh1+ Kg7 53. Ra5 Kf6 54. Ra6+
Kg7 55. Ra5 Kf6 56. Ra6+ {Ftacnik} 1/2-1/2